000 00729nam a2200289Ia 4500
005 20260324132501.0
008 008 260324s9999 xx 000 0 eng d
020 _a9781003445685
037 _aEBOOK
040 _aCRL
040 _beng
040 _cCRL
041 _2eng
041 _aeng
084 _qCRL
100 _aMarcia B. Baxter Magolda; Patricia M. King
_91189456
245 0 _aLearning Partnerships
245 0 _bTheory and Models of Practice to Educate for Self-Authorship
260 _bTaylor and Francis
260 _c2004
365 _a
365 _b120
856 _uhttp://www.taylorfrancis.com/books/9781003445685
942 _cEBOOK
999 _c1787609
_d1787609